000 00395nam a2200133Ia 4500
003 GCL
008 140319s9999 xx 000 0 ara d
040 _aGCL /
_cGCL
082 0 4 _a823.008
_bك م
245 1 0 _aمختارات من الادب القصصى
260 _a[S.N] :
_bالهيئة المصرية العامة للكتاب ،
_c1988
300 _a185 ص
490 _aالالف كتاب
_v0
999 _c28747
_d28747